LDR 00865naa#a2200193#i#450# 001 EN\\bibl\118764 005 20260419141936.7 011 ## _a1994-4683 100 ## _a20230428b2023####ek#y0engy0150####ca 102 ## _aRU 200 1# _aSTUDY OF RELATIVE MUSCLE STRENGTH IN STUDENTS OF DIFFERENT FACULTIES OF OMSK STATE MEDICAL UNIVERSITY _eJournal article 210 1# _aMoscow _cNational State University of Physical Education, Sports and Health named after P.F. Lesgaft _d2023 215 ## _a5 с. 608 ## _aJournal article _2local 675 ## _aМетодика физического воспитания. Пути и средства физического воспитания. Учебные заведения физической культуры. 796.011.3 _z 700 #1 _aUshakov _gA G 700 #1 _aSHreder _gA YU 700 #1 _aNovosad _gYU A 856 4# _auchzapiski.lesgaft.spb.ru _u